Réalisateurs de film français - Statistiques

Statistiques générales
  • Ce quiz a été pris 63 fois
  • Le résultat moyen est 7 sur 16
Statistiques - réponses
Par images Réponse % Correct
Alain Chabat
92%
Dany Boon
82%
Jean-Pierre Jeunet
71%
Gérard Oury
65%
Olivier Nakache et Eric Toledano
65%
Michel Hazanavicius
60%
Jean-Marie Poiré
56%
Francis Veber
48%
Olivier Baroux
26%
Olivier Dahan
24%
Alain Berberian
21%
Gérard Pirès
21%
Christophe Barratier
19%
James Huth
16%
Gérard Lautner
11%
Hervé Palud
8%
Aucun quiz correspondant
Distribution des résultats
% des personnes avec chaque résultat
Percentile par nombre de réponses
Votre historique - résultats
Vous n’avez pas pris ce quiz